Vývoj a současný stav managerského myšlení a jednání /

Guardado en:
Detalles Bibliográficos
Autor principal: Vodáček, Leo (Autor)
Formato: Libro
Lenguaje:checo
Publicado: Ostrava : Hutnícky inštitút, 1991
Edición:1. vyd.
Etiquetas: Agregar Etiqueta
Sin Etiquetas, Sea el primero en etiquetar este registro!

MARC

LEADER 00000nam a22000003a 4500
001 stu31367
005 20150617225735.1
008 931025s1991----xr------------------cze-d
020 |a 80-85234-46-7 
040 |a STU  |b slo 
041 0 |a cze 
044 |a xr 
080 |a 65.012.4 
100 1 |a Vodáček, Leo  |4 aut 
245 1 |a Vývoj a současný stav managerského myšlení a jednání /  |c [aut.] Vodáček,Leo 
250 |a 1. vyd. 
260 |a Ostrava :  |b Hutnícky inštitút,  |c 1991 
300 |a 36 s 
996 |b 284J016810  |c J*87920  |l JJSK  |s A  |a 24  |w stu31367_0001 
996 |b J87921  |c J*87921  |l JJK3  |s P  |a 0  |w stu31367_0002 
996 |b J88052  |c J*88052  |l JJK3  |s P  |a 0  |w stu31367_0003